Friends Episodes - Statistics

General Stats
  • This quiz has been taken 1,690 times
    616 since last reset
  • The average score is 87 of 239
Answer Stats
Hint Answer % Correct
S01E01 The Pilot
95%
S01E07 The One with the Blackout
68%
S01E10 The One with the Monkey
64%
S01E23 The One with the Birth
63%
S01E03 The One with the Thumb
62%
S01E02 The One with the Sonogram at the End
60%
S01E08 The One Where Nana Dies Twice
58%
S01E05 The One with the East German Laundry Detergent
56%
S10E17 The Last One (Part 1)
55%
S10E18 The Last One (Part 2)
55%
Special The One Before the Last One
55%
S01E24 The One Where Rachel Finds Out
55%
S06E01 The One After Vegas
53%
S05E23 The One in Vegas (Part 1)
53%
S05E24 The One in Vegas (Part 2)
53%
S02E03 The One Where Heckles Dies
53%
S01E18 The One with All the Poker
52%
S01E06 The One with the Butt
52%
S02E04 The One with Phoebe's Husband
51%
S02E01 The One with Ross's New Girlfriend
51%
S01E12 The One with the Dozen Lasagnas
51%
S02E11 The One with the Lesbian Wedding
51%
S02E08 The One with the List
51%
S01E16 The One with Two Parts (Part 1)
51%
S01E17 The One with Two Parts (Part 2)
51%
S01E11 The One with Mrs. Bing
49%
S01E20 The One with the Evil Orthodontist
49%
S01E21 The One with the Fake Monica
49%
S03E25 The One at the Beach
48%
S01E09 The One Where Underdog Gets Away
48%
S02E06 The One with the Baby on the Bus
48%
S01E13 The One with the Boobies
48%
S01E14 The One with the Candy Hearts
48%
S03E02 The One Where No One's Ready
47%
S02E07 The One Where Ross Finds Out
47%
S01E19 The One Where the Monkey Gets Away
47%
S02E24 The One with Barry and Mindy's Wedding
47%
S02E05 The One with Five Steaks and an Eggplant
47%
S01E04 The One with George Stephanopoulos
47%
S02E09 The One with Phoebe's Dad
47%
S02E02 The One with the Breast Milk
47%
S02E15 The One Where Ross and Rachel...You Know
45%
S02E12 The One After the Superbowl (Part 1)
44%
S02E13 The One After the Superbowl (Part 2)
44%
S09E23 The One in Barbados (Part 1)
44%
S09E24 The One in Barbados (Part 2)
44%
S02E17 The One Where Eddie Moves In
44%
S02E10 The One with Russ
44%
S05E21 The One with the Ball
44%
S01E22 The One with the Ick Factor
44%
S02E14 The One with the Prom Video
44%
S02E16 The One Where Joey Moves Out
42%
S03E17 The One Without the Ski Trip
42%
S06E13 The One with Rachel's Sister
42%
S02E23 The One with the Chicken Pox
42%
S03E09 The One with the Football
42%
S06E24 The One with the Proposal (Part 1)
42%
S06E25 The One with the Proposal (Part 2)
42%
S02E19 The One Where Eddie Won't Go
41%
S02E21 The One with the Bullies
41%
S04E02 The One with the Cat
41%
S02E22 The One with the Two Parties
41%
S08E01 The One After 'I Do'
40%
S10E15 The One Where Estelle Dies
40%
S10E02 The One Where Ross is Fine
40%
S07E23 The One with Monica and Chandler's Wedding (Part 1)
40%
S07E24 The One with Monica and Chandler's Wedding (Part 2)
40%
S10E12 The One with Phoebe's Wedding
40%
S09E08 The One with Rachel's Other Sister
40%
S08E09 The One with the Rumor
40%
S01E15 The One with the Stoned Guy
40%
S05E01 The One After Ross Says Rachel
38%
S03E10 The One Where Rachel Quits
38%
S05E22 The One with Joey's Big Break
38%
S07E01 The One with Monica's Thunder
38%
S03E06 The One with the Flashback
38%
S03E08 The One with the Giant Poking Device
38%
S03E07 The One with the Race Car Bed
38%
S06E15 The One That Could Have Been (Part 1)
37%
S06E16 The One That Could Have Been (Part 2)
37%
S03E11 The One Where Chandler Can't Remember Which Sister
37%
S04E07 The One Where Chandler Crosses the Line
37%
S09E02 The One Where Emma Cries
37%
S05E08 The One with All the Thanksgivings
37%
S03E05 The One with Frank Jr.
37%
S04E04 The One with the Ballroom Dancing
37%
S08E06 The One with the Halloween Party
37%
S03E03 The One with the Jam
37%
S04E01 The One with the Jellyfish
37%
S06E23 The One with the Ring
37%
S08E04 The One with the Videotape
37%
S06E17 The One with Unagi
37%
S02E18 The One Where Dr. Ramoray Dies
36%
S03E13 The One Where Monica and Richard are Just Friends
36%
S02E20 The One Where Old Yeller Dies
36%
S10E05 The One Where Rachel's Sister Babysits
36%
S03E15 The One Where Ross and Rachel Take a Break
36%
S03E12 The One with All the Jealousy
36%
S05E02 The One with All the Kissing
36%
S08E10 The One with Monica's Boots
36%
S07E02 The One with Rachel's Book
36%
S10E16 The One with Rachel's Going Away Party
36%
S05E09 The One with Ross's Sandwich
36%
S10E03 The One with Ross's Tan
36%
S05E16 The One with the Cop
36%
S03E20 The One with the Dollhouse
36%
S04E12 The One with the Embryos
36%
S09E21 The One with the Fertility Test
36%
S07E10 The One with the Holiday Armadillo
36%
S08E08 The One with the Stripper
36%
S03E24 The One with the Ultimate Fighting Champion
36%
S05E03 The One Hundredth
34%
S08E18 The One in Massapequa
34%
S09E13 The One Where Monica Sings
34%
S09E01 The One Where No One Proposes
34%
S05E04 The One Where Phoebe Hates PBS
34%
S08E23 The One Where Rachel Has a Baby (Part 1)
34%
S08E24 The One Where Rachel Has a Baby (Part 2)
34%
S07E14 The One Where They All Turn Thirty
34%
S05E11 The One with All the Resolutions
34%
S04E20 The One with All the Wedding Dresses
34%
S04E08 The One with Chandler in a Box
34%
S05E12 The One with Chandler's Work Laugh
34%
S09E12 The One with Phoebe's Rats
34%
S10E04 The One with the Cake
34%
S04E03 The One with the Cuffs
34%
S10E08 The One with the Late Thanksgiving
34%
S03E01 The One with the Princess Leia Fantasy
34%
S08E02 The One with the Red Sweater
34%
S06E10 The One with the Routine
34%
S03E16 The One the Morning After
33%
S05E14 The One Where Everybody Finds Out
33%
S10E13 The One Where Joey Speaks French
33%
S06E22 The One Where Paul's the Man
33%
S08E22 The One Where Rachel is Late
33%
S05E18 The One Where Rachel Smokes
33%
S07E13 The One Where Rosita Dies
33%
S06E18 The One Where Ross Dates a Student
33%
S03E21 The One with a Chick and a Duck
33%
S07E09 The One with All the Candy
33%
S07E22 The One with Chandler's Dad
33%
S09E10 The One with Christmas in Tulsa
33%
S09E05 The One with Phoebe's Birthday Dinner
33%
S07E03 The One with Phoebe's Cookies
33%
S04E18 The One with Rachel's New Dress
33%
S06E08 The One with Ross's Teeth
33%
S04E23 The One with Ross's Wedding (Part 1)
33%
S04E24 The One with Ross's Wedding (Part 2)
33%
S10E09 The One with the Birth Mother
33%
S07E17 The One with the Cheap Wedding Dress
33%
S09E06 The One with the Male Nanny
33%
S07E16 The One with the Truth About London
33%
S08E13 The One Where Chandler Takes a Bath
32%
S08E03 The One Where Rachel Tells...
32%
S05E07 The One Where Ross Moves In
32%
S10E11 The One Where the Stripper Cries
32%
S07E11 The One with All the Cheesecakes
32%
S03E14 The One with Phoebe's Ex-Partner
32%
S04E11 The One with Phoebe's Uterus
32%
S04E13 The One with Rachel's Crush
32%
S08E20 The One with the Baby Shower
32%
S09E22 The One with the Donor
32%
S07E05 The One with the Engagement Picture
32%
S09E18 The One with the Lottery
32%
S05E20 The One with the Ride-Along
32%
S08E14 The One with the Secret Closet
32%
S03E19 The One with the Tiny T-Shirt
32%
S05E06 The One with the Yeti
32%
S07E08 The One Where Chandler Doesn't Like Dogs
30%
S10E10 The One Where Chandler Gets Caught
30%
S08E12 The One Where Joey Dates Rachel
30%
S06E02 The One Where Ross Hugs Rachel
30%
S06E19 The One with Joey's Fridge
30%
S06E20 The One with Mac and C.H.E.E.S.E.
30%
S10E14 The One with Princess Consuela
30%
S09E19 The One with Rachel's Dream
30%
S08E21 The One with the Cooking Class
30%
S04E16 The One with the Fake Party
30%
S10E07 The One with the Home Study
30%
S04E21 The One with the Invitation
30%
S07E06 The One with the Nap Partners
30%
S09E20 The One with the Soap Opera Party
30%
S08E07 The One with the Stain
30%
S10E01 The One After Joey and Rachel Kiss
29%
S06E14 The One Where Chandler Can't Cry
29%
S06E04 The One Where Joey Loses His Insurance
29%
S06E21 The One Where Ross Meets Elizabeth's Dad
29%
S07E12 The One Where They're Up All Night
29%
S05E13 The One with Joey's Bag
29%
S07E15 The One with Joey's New Brain
29%
S04E05 The One with Joey's New Girlfriend
29%
S09E09 The One with Rachel's Phone Number
29%
S07E19 The One with Ross and Monica's Cousin
29%
S10E06 The One with Ross's Grant
29%
S07E07 The One with Ross's Library Book
29%
S06E11 The One with the Apothecary Table
29%
S08E15 The One with the Birthing Video
29%
S04E06 The One with the Dirty Girl
29%
S04E17 The One with the Free Porn
29%
S04E10 The One with the Girl from Poughkeepsie
29%
S05E10 The One with the Inappropriate Sister
29%
S05E05 The One with the Kips
29%
S09E15 The One with the Mugging
29%
S09E03 The One with the Pediatrician
29%
S07E21 The One with the Vows
29%
S08E16 The One Where Joey Tells Rachel
27%
S06E07 The One Where Phoebe Runs
27%
S06E09 The One Where Ross Got High
27%
S04E19 The One with All the Haste
27%
S04E15 The One with All the Rugby
27%
S04E14 The One with Joey's Dirty Day
27%
S06E05 The One with Joey's Porsche
27%
S07E20 The One with Rachel's Big Kiss
27%
S06E03 The One with Ross's Denial
27%
S09E07 The One with Ross's Inappropriate Song
27%
S03E04 The One with the Metaphorical Tunnel
27%
S08E17 The One with the Tea Leaves
27%
S05E19 The One Where Ross Can't Flirt
26%
S07E18 The One with Joey's Award
26%
S08E19 The One with Joey's Interview
26%
S08E05 The One with Rachel's Date
26%
S09E16 The One with the Boob Job
26%
S05E15 The One with the Girl Who Hits Joey
26%
S06E12 The One with the Joke
26%
S09E17 The One with the Memorial Service
26%
S06E06 The One on the Last Night
25%
S09E11 The One Where Rachel Goes Back to Work
25%
S09E14 The One with the Blind Dates
25%
S09E04 The One with the Sharks
25%
S04E09 The One Where They're Going to Party!
23%
S03E22 The One with the Screamer
23%
S05E17 The One with Rachel's Inadvertent Kiss
22%
S03E23 The One with Ross's Thing
22%
S03E18 The One with the Hypnosis Tape
21%
S07E04 The One with Rachel's Assisstant
16%
S08E11 The One with Ross's Step Forward
16%
S04E22 The One with the Wost Best Man Ever
15%
Special The One with All the Other Ones
8%
Special Friends: The Stuff You've Never Seen
5%
No matching quizzes found
Score Distribution
Percent of People with Each Score
Percentile by Number Answered
Your Score History
You have not taken this quiz since the last reset